| 000 | 01127nam a22002897i 4500 | ||
|---|---|---|---|
| 999 |
_c23635 _d23635 |
||
| 003 | AR-CdUCM | ||
| 008 | 260424b20192019sp d|||| |||| 00| 0 spa d | ||
| 020 | _a978-84-9198-621-8 | ||
| 040 |
_aMUNICIPALIDAD PROVINCIAL DEL CUSCO _cBIBLIOTECA MUNICIPAL DEL CUSCO |
||
| 041 | _hspa | ||
| 082 |
_a686.225 _bP46 |
||
| 100 |
_aPérez Venzalá, Valentín _952686 |
||
| 245 | _aCreación de libros electrónicos con Adobe InDesign. ARGA002PO / | ||
| 260 |
_aEspaña : _bIC Editorial _c2019 |
||
| 300 |
_a178 páginas. : _c17x24 cm. |
||
| 500 | _zBibliografía : páginas del 177 - 178 | ||
| 505 | _aEl libro electrónico -- La estructura del archivo -- Los reproductores o e-readers -- El formato ePub -- La estructura del ePub -- Creación del documento InDesign -- Imagen para e-book en Photoshop -- Exportar archivo a ePub | ||
| 650 |
_aLibros electrónicos _952687 |
||
| 650 |
_ae-readers _952688 |
||
| 650 |
_aFormato ePub _952689 |
||
| 650 |
_aInDesign _952690 |
||
| 650 |
_aPhotoshop _952691 |
||
| 650 |
_aEl DRM _952692 |
||
| 856 | _fwww.iceditorial.com | ||
| 942 |
_2ddc _cLIBROS |
||
| 945 |
_aesh _d24-04-2026 |
||